NCAA FBS Directional School Names - Statistics

General Stats
  • This quiz has been taken 22 times
    9 since last reset
  • The average score is 14 of 16
Answer Stats
Conference Answer % Correct
American North Texas
100%
SEC South Carolina
100%
Big 12 West Virginia
100%
American East Carolina
89%
Mid-American Eastern Michigan
89%
ACC North Carolina
89%
ACC North Carolina State
89%
Big Ten Northwestern
89%
Sun Belt South Alabama
89%
American South Florida
89%
Conference USA Western Kentucky
89%
Mid-American Western Michigan
89%
Mid-American Northern Illinois
78%
Sun Belt Southern Miss
78%
Big Ten USC
78%
Sun Belt Georgia Southern
67%
No matching quizzes found
Score Distribution
Percent of People with Each Score
Percentile by Number Answered
Your Score History
You have not taken this quiz since the last reset